[Event "St Petersburg June op"]
[Site "St Petersburg"]
[Date "2008.06.26"]
[Round "6"]
[White "Tsvetkov, Alexey"]
[Black "Chernov, Vladimir1"]
[Result "0-1"]
[WhiteElo "1892"]
[BlackElo "2105"]
[PlyCount "124"]
[EventDate "2008.06.21"]
[EventType "swiss"]
[EventRounds "9"]
[EventCountry "RUS"]
[SourceTitle "CBM 125 Extra"]
[Source "ChessBase"]
[SourceDate "2008.09.01"]
[SourceVersion "1"]
[SourceVersionDate "2008.09.01"]
[SourceQuality "1"]

1. e4 c5 2. Nc3 Nc6 3. f4 e6 4. Nf3 d5 5. Bb5 Nge7 6. 0-0 a6 7. Bxc6+ Nxc6 8. d3 d4 9. Ne2 Be7 10. g4 Bd7 11. f5 e5 12. Bd2 h6 13. a3 Bg5 14. b4 cxb4 15. axb4 Rc8 16. c4 Bxd2 17. Qxd2 Qe7 18. Rfb1 0-0 19. b5 axb5 20. Rxb5 Rc7 21. Rab1 Bc8 22. h4 h5 23. gxh5 f6 24. Kf2 Kf7 25. h6 gxh6 26. Qxh6 Rg8 27. h5 Qf8 28. Qxf8+ Kxf8 29. h6 Rh7 30. Rh1 Rgh8 31. Nh4 Ne7 32. Nf3 Rxh6 33. Rxh6 Rxh6 34. Kg2 Ke8 35. Nc1 Kd7 36. Nb3 Kc7 37. Na5 b6 38. Nb3 Ba6 39. Rb4 Nc6 40. Ra4 Kb7 41. Nh2 Rh8 42. Ng4 Rf8 43. Ra1 Nb8 44. Rb1 Kc7 45. Nc1 Nd7 46. Na2 Nc5 47. Nb4 Bb7 48. Rh1 Rf7 49. Kf3 Nd7 50. Rh8 Kd6 51. Kg3 Kc5 52. Nc2 Rg7 53. Kh4 Bc6 54. Rh6 Ba4 55. Ne1 Rf7 56. Kh5 Rf8 57. Rh7 Rg8 58. Rf7 Bd1 59. Rxd7 Rxg4 60. Kh6 Rg1 61. Rf7 Rxe1 62. Rxf6 Bc2 0-1

[Event "St Petersburg June op"]
[Site "St Petersburg"]
[Date "2008.06.24"]
[Round "4"]
[White "Tsvetkov, Alexey"]
[Black "Usmanov, Vasily"]
[Result "0-1"]
[WhiteElo "1892"]
[BlackElo "2051"]
[PlyCount "46"]
[EventDate "2008.06.21"]
[EventType "swiss"]
[EventRounds "9"]
[EventCountry "RUS"]
[SourceTitle "CBM 125 Extra"]
[Source "ChessBase"]
[SourceDate "2008.09.01"]
[SourceVersion "1"]
[SourceVersionDate "2008.09.01"]
[SourceQuality "1"]

1. e4 Nc6 2. d4 d5 3. e5 Bf5 4. Nf3 e6 5. Be3 Nge7 6. Be2 Bg6 7. 0-0 Nf5 8. Nbd2 Be7 9. c3 0-0 10. h3 f6 11. Bf4 fxe5 12. Bxe5 Bd6 13. Re1 Nxe5 14. Nxe5 Bxe5 15. dxe5 c5 16. Nf3 Nh4 17. Qa4 Nxf3+ 18. Bxf3 Qg5 19. Kh1 Bf5 20. Rad1 Bxh3 21. Rg1 Rf4 22. Qd7 Rh4 23. g3 Bf1+ 0-1

[Event "CFriend AC-2003-Q-00006 email"]
[Site "Chessfriend.com"]
[Date "2003.07.01"]
[Round "1"]
[White "Kuhne, Detlev"]
[Black "Tsvetkov, Alexey"]
[Result "1/2-1/2"]
[WhiteElo "2409"]
[BlackElo "2173"]
[PlyCount "125"]
[EventDate "2003.07.01"]
[EventType "tourn (corr)"]
[EventRounds "10"]
[SourceTitle "Corr 2024"]
[Source "ChessBase"]
[SourceDate "2023.10.19"]
[SourceVersion "1"]
[SourceVersionDate "2023.10.19"]
[SourceQuality "1"]

1. d4 Nf6 2. c4 c5 3. d5 e6 4. Nf3 exd5 5. cxd5 d6 6. e4 a6 7. Bd3 Bg4 8. h3 Bxf3 9. Qxf3 g6 10. a4 Nbd7 11. Bf4 Qe7 12. 0-0 Nh5 13. Bh2 Bg7 14. Nd2 Bxb2 15. Rab1 Ne5 16. Qe2 Bc3 17. Bc2 Rb8 18. f4 Nd7 19. g4 Ng7 20. Rb3 Bxd2 21. Qxd2 0-0 22. a5 b5 23. axb6 Nxb6 24. Bg3 Nd7 25. Ra3 Rb6 26. Re1 Ra8 27. e5 Rb4 28. Ba4 Nb6 29. Bc6 Nc4 30. Qa2 Nxa3 31. Bxa8 Qd8 32. Bc6 Nb5 33. e6 Nd4 34. e7 Qb6 35. e8Q+ Nxe8 36. Rxe8+ Kg7 37. Be1 Nf3+ 38. Kf1 Nxe1 39. Rxe1 Rxf4+ 40. Kg2 c4 41. Qd2 g5 42. Qc3+ Kh6 43. Re3 Qb1 44. Qe1 Qb2+ 45. Kg3 Qd4 46. Qc1 Rf1 47. Re6+ fxe6 48. Qxf1 Kg7 49. dxe6 Qe3+ 50. Kg2 Qxe6 51. Bf3 c3 52. Qxa6 h6 53. Qd3 Qe5 54. Be4 Kf6 55. Kf3 d5 56. Bh7 d4 57. Qa6+ Kf7 58. Qc4+ Kf6 59. Qc6+ Kf7 60. Qg6+ Ke7 61. Qe4 Kd6 62. Qxe5+ Kxe5 63. Bd3 1/2-1/2

[Event "CFriend AC-2003-Q-00006 email"]
[Site "Chessfriend.com"]
[Date "2003.07.01"]
[Round "1"]
[White "Lorentzen, Oystein"]
[Black "Tsvetkov, Alexey"]
[Result "1/2-1/2"]
[WhiteElo "2383"]
[BlackElo "2173"]
[PlyCount "44"]
[EventDate "2003.07.01"]
[EventType "tourn (corr)"]
[EventRounds "10"]
[SourceTitle "Corr 2024"]
[Source "ChessBase"]
[SourceDate "2023.10.19"]
[SourceVersion "1"]
[SourceVersionDate "2023.10.19"]
[SourceQuality "1"]

1. e4 c5 2. Nf3 Nc6 3. d4 cxd4 4. Nxd4 Qc7 5. Nb5 Qb8 6. c4 e6 7. N5c3 Nf6 8. f4 d6 9. Be2 Be7 10. Be3 0-0 11. 0-0 b6 12. Nd2 Bb7 13. a3 Nd7 14. Nf3 Bf6 15. Rc1 Nc5 16. Bd3 Ne7 17. Nd4 Bxd4 18. Bxd4 f5 19. Bxc5 dxc5 20. Qe2 Nc6 21. exf5 exf5 22. Nd5 Nd4 1/2-1/2

[Event "CFriend AC-2003-Q-00006 email"]
[Site "Chessfriend.com"]
[Date "2003.07.01"]
[Round "1"]
[White "Luethi, Hansjuerg"]
[Black "Tsvetkov, Alexey"]
[Result "1/2-1/2"]
[WhiteElo "2031"]
[BlackElo "2173"]
[PlyCount "73"]
[EventDate "2003.07.01"]
[EventType "tourn (corr)"]
[EventRounds "10"]
[SourceTitle "Corr 2024"]
[Source "ChessBase"]
[SourceDate "2023.10.19"]
[SourceVersion "1"]
[SourceVersionDate "2023.10.19"]
[SourceQuality "1"]

1. e4 c5 2. Nf3 Nc6 3. Bb5 e6 4. Bxc6 bxc6 5. b3 f6 6. 0-0 Ne7 7. Ba3 d6 8. d4 cxd4 9. Qxd4 c5 10. Qd3 Ng6 11. Rd1 Be7 12. Nc3 Qb6 13. Nd2 0-0 14. Nc4 Qa6 15. Bb2 Ne5 16. Nxe5 fxe5 17. Nb5 Rd8 18. c4 Qb6 19. Qh3 a6 20. Nc3 Rf8 21. Rd3 Bd7 22. Nd5 exd5 23. Qxd7 dxe4 24. Rh3 Qd8 25. Qb7 h6 26. Qd5+ Kh8 27. Qxe4 Qc8 28. Rf1 Qf5 29. Qe2 Bg5 30. Rd3 Qg6 31. Rfd1 Rf6 32. Rd5 Raf8 33. f3 Re6 34. Re1 Bf4 35. Bc3 Rf5 36. Bd2 Bxd2 37. Rxd2 1/2-1/2